[Event "Bergamo op"]
[Site "Bergamo"]
[Date "2007.11.16"]
[Round "6"]
[White "Testa, Luigi"]
[Black "Attuati, Stefano"]
[Result "0-1"]
[WhiteElo "1572"]
[BlackElo "1464"]
[PlyCount "72"]
[EventDate "2007.10.05"]
[EventType "swiss"]
[EventRounds "7"]
[EventCountry "ITA"]
[SourceTitle "EXT 2009"]
[Source "ChessBase"]
[SourceDate "2008.11.26"]
[SourceVersion "1"]
[SourceVersionDate "2008.11.26"]
[SourceQuality "1"]

1. e4 c5 2. Nf3 d6 3. Bc4 Nf6 4. Nc3 Nc6 5. 0-0 a6 6. d3 e6 7. d4 d5 8. exd5 exd5 9. Re1+ Be7 10. Be2 0-0 11. b3 Bf5 12. Bb2 b5 13. Ne5 Nxd4 14. Bd3 Bxd3 15. cxd3 Re8 16. Ne2 Nxe2+ 17. Rxe2 Qc7 18. h3 Bd6 19. Nf3 Rxe2 20. Qxe2 Re8 21. Qc2 d4 22. Rc1 Nd5 23. Ba1 Qa5 24. a4 Nf4 25. Kf1 Re2 26. Qd1 Ra2 27. Rc2 Ra3 28. g3 Nd5 29. Re2 bxa4 30. Re8+ Bf8 31. Ng5 Qb5 32. Qh5 Qxd3+ 33. Kg2 Qg6 34. Qg4 Qc6 35. Ne4 Qxe8 36. Ng5 Qc6 0-1

[Event "Bergamo op"]
[Site "Bergamo"]
[Date "2007.10.05"]
[Round "1"]
[White "Testa, Luigi"]
[Black "Gerali, Paolo"]
[Result "0-1"]
[WhiteElo "1572"]
[BlackElo "1940"]
[PlyCount "61"]
[EventDate "2007.10.05"]
[EventType "swiss"]
[EventRounds "7"]
[EventCountry "ITA"]
[SourceTitle "EXT 2009"]
[Source "ChessBase"]
[SourceDate "2008.11.26"]
[SourceVersion "1"]
[SourceVersionDate "2008.11.26"]
[SourceQuality "1"]

1. e4 c5 2. Nf3 e6 3. Nc3 a6 4. b3 b5 5. Bb2 Bb7 6. g3 b4 7. Nb1 Bxe4 8. d3 Bb7 9. Bg2 Nf6 10. Nbd2 d5 11. 0-0 Nbd7 12. Re1 Be7 13. Bh3 0-0 14. Qb1 Re8 15. d4 c4 16. c3 cxb3 17. axb3 bxc3 18. Bxc3 Rc8 19. Ba5 Nb6 20. Ng5 Rc6 21. Ndf3 h6 22. Nxf7 Kxf7 23. Ne5+ Kg8 24. Nxc6 Bxc6 25. Bxe6+ Kh8 26. Bd2 Nbd7 27. Qg6 Nf8 28. Qf5 Nxe6 29. Qxe6 Bb5 30. Ba5 Qd6 31. Qf7 0-1

[Event "Bergamo Province-ch"]
[Site "Bergamo"]
[Date "2006.11.24"]
[Round "8"]
[White "Molteni, Costantino"]
[Black "Testa, Luigi"]
[Result "1-0"]
[WhiteElo "1950"]
[BlackElo "1572"]
[PlyCount "141"]
[EventDate "2006.10.06"]
[EventType "swiss"]
[EventRounds "9"]
[EventCountry "ITA"]
[SourceTitle "EXT 2011"]
[Source "ChessBase"]
[SourceDate "2010.11.26"]
[SourceVersion "1"]
[SourceVersionDate "2010.11.26"]
[SourceQuality "1"]

1. d4 d5 2. c4 e6 3. Nf3 Nf6 4. g3 c6 5. Bg2 Be7 6. 0-0 0-0 7. Nc3 Nbd7 8. b3 Re8 9. Bb2 Rb8 10. Qd3 b6 11. e4 dxe4 12. Nxe4 Nxe4 13. Qxe4 Bb7 14. Qc2 Nf6 15. Ne5 Qc7 16. Rfd1 Ba8 17. Nd3 Rbc8 18. b4 Nd7 19. Bc3 Bf6 20. f4 c5 21. dxc5 Bxc3 22. Qxc3 bxc5 23. b5 Bxg2 24. Kxg2 Qb7+ 25. Kg1 Nb6 26. Ne5 Rc7 27. Nc6 h6 28. a4 Nc8 29. Rd2 Ne7 30. Na5 Qa8 31. Rad1 Nf5 32. Qe5 Qc8 33. Nb3 f6 34. Qe4 Kf8 35. g4 Ne7 36. Rd6 Kf7 37. Qd3 Qb8 38. Qe3 Qc8 39. h4 Ng6 40. h5 Nf8 41. a5 e5 42. f5 Ke7 43. a6 Nh7 44. Na5 Ng5 45. Nc6+ Kf8 46. Qxc5 Ne4 47. Rxf6+ Kg8 48. Qd5+ Kh7 49. Rxh6+ Kxh6 50. Qxe4 Rd7 51. Rxd7 Qxd7 52. Qe3+ Kh7 53. Nxa7 Qd1+ 54. Kf2 Qc2+ 55. Qe2 Qc3 56. Nc6 e4 57. a7 Qh3 58. Ke1 Qg3+ 59. Kd1 Qb3+ 60. Kd2 e3+ 61. Ke1 Qc3+ 62. Kf1 Qc1+ 63. Kg2 Qd2 64. Kf3 Qd5+ 65. Kg3 Qd6+ 66. Kg2 Qd5+ 67. Kg1 Qd2 68. Kf1 Qc1+ 69. Kg2 Qd2 70. Kf3 Qd5+ 71. cxd5 1-0

[Event "Bergamo Province-ch"]
[Site "Bergamo"]
[Date "2006.10.13"]
[Round "2"]
[White "Testa, Luigi"]
[Black "Guerini, Sara"]
[Result "1/2-1/2"]
[WhiteElo "1572"]
[BlackElo "1380"]
[PlyCount "81"]
[EventDate "2006.10.06"]
[EventType "swiss"]
[EventRounds "9"]
[EventCountry "ITA"]
[SourceTitle "EXT 2011"]
[Source "ChessBase"]
[SourceDate "2010.11.26"]
[SourceVersion "1"]
[SourceVersionDate "2010.11.26"]
[SourceQuality "1"]

1. e4 e5 2. Nf3 Nc6 3. Bc4 Bc5 4. 0-0 Nf6 5. d3 h6 6. Nc3 0-0 7. Bd2 a6 8. Qc1 Nh7 9. Nd5 b5 10. Bb3 d6 11. c3 Be6 12. d4 exd4 13. cxd4 Nxd4 14. Nxd4 Bxd4 15. Nxc7 Rc8 16. Nxe6 Rxc1 17. Nxd8 Rxf1+ 18. Kxf1 Rxd8 19. Rb1 Be5 20. Ba5 Rc8 21. h3 Nf6 22. f3 Nh5 23. Bd1 Ng3+ 24. Kf2 Nh1+ 25. Ke3 Ng3 26. f4 Bf6 27. Be1 Nxe4 28. Kxe4 Re8+ 29. Kf3 Rxe1 30. b3 b4 31. Bc2 Rxb1 32. Bxb1 d5 33. Bd3 a5 34. Bb5 Kf8 35. Bc6 d4 36. Ke4 Ke7 37. Bd5 Kd6 38. Bc4 Kc5 39. Bxf7 Kb5 40. Bc4+ Kc5 41. g3 1/2-1/2

[Event "Bergamo Province-ch"]
[Site "Bergamo"]
[Date "2005.11.11"]
[Round "6"]
[White "Testa, Luigi"]
[Black "Gozzini, Giambattista"]
[Result "0-1"]
[WhiteElo "1542"]
[BlackElo "1727"]
[PlyCount "44"]
[EventDate "2005.10.07"]
[EventType "swiss"]
[EventRounds "8"]
[EventCountry "ITA"]
[SourceTitle "EXT 2023"]
[Source "ChessBase"]
[SourceDate "2022.10.05"]
[SourceVersion "1"]
[SourceVersionDate "2022.10.05"]
[SourceQuality "1"]

1. e4 c6 2. d4 d5 3. e5 Bf5 4. Nf3 e6 5. Be2 c5 6. 0-0 Nc6 7. c3 Rc8 8. Nbd2 Nge7 9. a3 Ng6 10. Bb5 a6 11. Bxc6+ Rxc6 12. Re1 Be7 13. dxc5 Bxc5 14. Nd4 Bxd4 15. cxd4 Bc2 16. Qg4 Qb6 17. Nf3 Bf5 18. Qg3 Be4 19. Rd1 Qb3 20. Nd2 Qxd1+ 21. Nf1 Rxc1 22. Rxc1 Qxc1 0-1

[Event "Bergamo Province-ch"]
[Site "Bergamo"]
[Date "2005.10.21"]
[Round "3"]
[White "Oteri, Aldo"]
[Black "Testa, Luigi"]
[Result "1-0"]
[WhiteElo "1711"]
[BlackElo "1542"]
[PlyCount "103"]
[EventDate "2005.10.07"]
[EventType "swiss"]
[EventRounds "8"]
[EventCountry "ITA"]
[SourceTitle "EXT 2023"]
[Source "ChessBase"]
[SourceDate "2022.10.05"]
[SourceVersion "1"]
[SourceVersionDate "2022.10.05"]
[SourceQuality "1"]

1. e4 e5 2. Nf3 Nc6 3. Bb5 a6 4. Ba4 Bc5 5. c3 b5 6. Bb3 d6 7. Bd5 Nge7 8. 0-0 Nxd5 9. exd5 Ne7 10. d4 exd4 11. Nxd4 0-0 12. Nc6 Nxc6 13. dxc6 Be6 14. Qf3 Qh4 15. Nd2 d5 16. Nb3 Bd6 17. g3 Qd8 18. Bf4 Qf6 19. Nd4 Bxf4 20. gxf4 Qg6+ 21. Kh1 Qe4 22. Rfe1 Qxf3+ 23. Nxf3 Rfd8 24. Nd4 g6 25. Rad1 Rd6 26. Re5 Rad8 27. Rde1 Re8 28. f5 gxf5 29. Rxf5 h6 30. Rfe5 Kf8 31. f4 Rdd8 32. Nxe6+ fxe6 33. Rxe6 Rxe6 34. Rxe6 Kg7 35. Re7+ Kf6 36. Rxc7 Ke6 37. Rh7 Kd6 38. Rxh6+ Kc7 39. f5 Rf8 40. f6 Rf7 41. Kg2 Kxc6 42. Kf3 Kd6 43. Kf4 Ke6 44. h4 a5 45. h5 b4 46. Rg6 bxc3 47. bxc3 a4 48. h6 Rc7 49. f7+ Ke7 50. h7 Rc4+ 51. Kg5 Rxc3 52. f8Q+ 1-0

[Event "Bergamo Province-ch"]
[Site "Bergamo"]
[Date "2004.10.22"]
[Round "3"]
[White "Bertoletti, Vincenzo"]
[Black "Testa, Luigi"]
[Result "0-1"]
[WhiteElo "1508"]
[BlackElo "1548"]
[PlyCount "77"]
[EventDate "2004.10.08"]
[EventType "swiss"]
[EventRounds "8"]
[EventCountry "ITA"]
[SourceTitle "EXT 2023"]
[Source "ChessBase"]
[SourceDate "2022.10.05"]
[SourceVersion "1"]
[SourceVersionDate "2022.10.05"]
[SourceQuality "1"]

1. d4 d5 2. Nc3 Nf6 3. e4 dxe4 4. f3 exf3 5. Nxf3 e6 6. Bg5 Be7 7. Bd3 h6 8. Bh4 0-0 9. 0-0 c6 10. Ne2 Nbd7 11. c3 Ng4 12. Bxe7 Qxe7 13. Rc1 Ne3 14. Qd2 Nxf1 15. Rxf1 b6 16. Bb1 Bb7 17. Nf4 c5 18. d5 exd5 19. Nxd5 Bxd5 20. Qxd5 Nf6 21. Qf5 Qe6 22. Qc2 Rad8 23. Re1 Qd6 24. Kh1 Rfe8 25. Rf1 Qe6 26. h3 Qe2 27. Qc1 Qe3 28. Qc2 Qf4 29. Nh2 Qe4 30. Qf2 Qe3 31. Qc2 Ne4 32. Ng4 Ng3+ 33. Kh2 Nxf1+ 34. Kh1 Qg3 35. Qh7+ Kf8 36. Qh8+ Ke7 37. Qxg7 Rd6 38. Bc2 Qh2+ 39. Nxh2 0-1

[Event "Bergamo Province-ch"]
[Site "Bergamo"]
[Date "2003.11.28"]
[Round "8"]
[White "Testa, Luigi"]
[Black "Cattaneo, Dario"]
[Result "1-0"]
[WhiteElo "1512"]
[BlackElo "1393"]
[PlyCount "129"]
[EventDate "2003.10.10"]
[EventType "swiss"]
[EventRounds "8"]
[EventCountry "ITA"]
[SourceTitle "EXT 2023"]
[Source "ChessBase"]
[SourceDate "2022.10.05"]
[SourceVersion "1"]
[SourceVersionDate "2022.10.05"]
[SourceQuality "1"]

1. e4 e6 2. d4 d5 3. e5 c5 4. c3 Nc6 5. Nf3 cxd4 6. cxd4 Bb4+ 7. Nc3 Nge7 8. Bb5 Bxc3+ 9. bxc3 Bd7 10. 0-0 Nxe5 11. Bxd7+ Nxd7 12. Bg5 0-0 13. Qd2 Re8 14. Rfe1 Qa5 15. Qd3 Nf8 16. Bd2 Qa6 17. Qc2 Nfg6 18. h3 Rac8 19. Rac1 b5 20. Qb2 Qc6 21. a3 a6 22. Rc2 Qd6 23. Ne5 f6 24. Nf3 Nc6 25. Rcc1 Na5 26. Qa2 Nc4 27. a4 Nxd2 28. Nxd2 bxa4 29. Qxa4 e5 30. Nb3 Nf4 31. Re3 Re7 32. Rce1 e4 33. Nc5 Ra7 34. c4 f5 35. cxd5 Qxd5 36. f3 Ne6 37. Nxe6 Qxe6 38. fxe4 Qc4 39. Qxc4+ Rxc4 40. exf5 Rxd4 41. Ra1 Kf7 42. Ra5 Rd6 43. g4 g6 44. fxg6+ hxg6 45. Kg2 g5 46. Rxg5 a5 47. Rf3+ Rf6 48. Ra3 a4 49. Rb5 Rf4 50. Kg3 Rc4 51. h4 Rac7 52. Rf5+ Kg7 53. Rf4 Rc3+ 54. Rf3 Rxa3 55. Rxa3 Rc4 56. h5 Rb4 57. Kh4 Kh6 58. Rf3 Kg7 59. Rf5 a3 60. Ra5 Rb3 61. Ra6 Rc3 62. h6+ Kh7 63. g5 Rb3 64. Kh5 Rh3+ 65. Kg4 1-0

[Event "Bergamo Province-ch"]
[Site "Bergamo"]
[Date "2003.10.31"]
[Round "4"]
[White "Testa, Luigi"]
[Black "Riva, Carlo"]
[Result "1-0"]
[WhiteElo "1512"]
[BlackElo "1519"]
[PlyCount "77"]
[EventDate "2003.10.10"]
[EventType "swiss"]
[EventRounds "8"]
[EventCountry "ITA"]
[SourceTitle "EXT 2023"]
[Source "ChessBase"]
[SourceDate "2022.10.05"]
[SourceVersion "1"]
[SourceVersionDate "2022.10.05"]
[SourceQuality "1"]

1. e4 c5 2. Nf3 d6 3. Bc4 Nf6 4. Nc3 g6 5. 0-0 Bg7 6. d3 0-0 7. Bd2 Nc6 8. a3 Bg4 9. h3 Bxf3 10. Qxf3 Ne5 11. Qe2 Nxc4 12. dxc4 Nd7 13. Rab1 Bxc3 14. Bxc3 Qe8 15. b3 f6 16. f4 Rb8 17. Qg4 Rf7 18. Rbd1 Nf8 19. f5 Rg7 20. Qf3 gxf5 21. exf5 Qc6 22. Rd5 Nd7 23. Qe2 Rf8 24. Rf2 Kh8 25. Bd2 Rfg8 26. Bh6 Rf7 27. Qe6 Ne5 28. Rxe5 dxe5 29. Qxf7 Qd7 30. Rd2 Qxf5 31. Qxg8+ Kxg8 32. Rd8+ Kf7 33. Rd2 a6 34. Be3 Qe4 35. Re2 b5 36. cxb5 axb5 37. Kf1 c4 38. Bf2 cxb3 39. Rxe4 1-0

[Event "Bergamo Province-ch"]
[Site "Bergamo"]
[Date "2002.11.08"]
[Round "5"]
[White "Testa, Luigi"]
[Black "Gazzetta, Marco"]
[Result "1-0"]
[WhiteElo "1500"]
[BlackElo "1540"]
[PlyCount "80"]
[EventDate "2002.10.04"]
[EventType "swiss"]
[EventRounds "8"]
[EventCountry "ITA"]
[SourceTitle "EXT 2024"]
[Source "ChessBase"]
[SourceDate "2023.10.10"]
[SourceVersion "1"]
[SourceVersionDate "2023.10.10"]
[SourceQuality "1"]

1. c4 e5 2. e4 d6 3. Nf3 f5 4. Nc3 Nf6 5. d3 Be7 6. Be2 c6 7. 0-0 0-0 8. Bd2 Qe8 9. a3 Na6 10. b4 Nc7 11. a4 f4 12. b5 Ne6 13. a5 Qg6 14. Nh4 Qe8 15. Nf5 Nd4 16. Nxe7+ Qxe7 17. f3 Nh5 18. Be1 Qg5 19. Kh1 Rf6 20. Rg1 Ng3+ 21. Bxg3 Qxg3 22. h3 Bxh3 23. Qe1 Bxg2+ 24. Rxg2 Rh6+ 25. Kg1 Nxf3+ 26. Bxf3 Qxf3 27. Qf1 Qh3 28. Raa2 f3 29. Rh2 Qg3+ 30. Kh1 Rf8 31. Rxh6 gxh6 32. Qg1 Qxg1+ 33. Kxg1 Rf4 34. bxc6 bxc6 35. a6 h5 36. Rh2 h4 37. Kf2 Kg7 38. Nb1 Kg6 39. Nd2 Kg5 40. Nxf3+ Kg4 1-0

[Event "Bergamo Province-ch"]
[Site "Bergamo"]
[Date "2002.10.11"]
[Round "2"]
[White "Asperti, Fabio"]
[Black "Testa, Luigi"]
[Result "1-0"]
[WhiteElo "1582"]
[BlackElo "1500"]
[PlyCount "91"]
[EventDate "2002.10.04"]
[EventType "swiss"]
[EventRounds "8"]
[EventCountry "ITA"]
[SourceTitle "EXT 2024"]
[Source "ChessBase"]
[SourceDate "2023.10.10"]
[SourceVersion "1"]
[SourceVersionDate "2023.10.10"]
[SourceQuality "1"]

1. c4 e5 2. e4 Nf6 3. Nc3 Nc6 4. g3 Bc5 5. Bg2 a6 6. Nge2 d6 7. 0-0 0-0 8. d3 Be6 9. h3 Qd7 10. Kh2 Nd4 11. f4 Qd8 12. fxe5 dxe5 13. Bg5 Be7 14. Qd2 c5 15. Be3 b6 16. Nd5 Bxd5 17. exd5 Qd6 18. Nc3 Rab8 19. Bg5 b5 20. Bxf6 Bxf6 21. Ne4 Qd8 22. Rxf6 gxf6 23. Qh6 Rb6 24. d6 Rxd6 25. Nxd6 Qxd6 26. Be4 Nf3+ 27. Bxf3 Qxd3 28. Qxf6 Qd2+ 29. Bg2 e4 30. h4 e3 31. h5 e2 32. h6 Qd4 33. Qg7+ Qxg7 34. hxg7 Kxg7 35. Re1 Re8 36. cxb5 axb5 37. Bc6 Re5 38. Bxb5 h6 39. Rxe2 Rd5 40. a4 Kf8 41. Bc4 Rd7 42. a5 Rc7 43. a6 Kg7 44. Bd5 Ra7 45. Bb7 Kf6 46. Re8 1-0